000
00240nam a22001097a 4500
082
_a
639.95 ALL'S
100
_a
ALLEE, W.C
_9
59516
245
_a
THE SOCIAL LIFE OF ANIMALS
260
_a
BOSTON
_b
BEACON
_c
1951
300
_a
233P
942
_c
BK
999
_c
569475
_d
569475